000 00333nam a2200133Ia 4500
008 231129s1983||||xx |||||||||||||| ||spa||
040 _bspa
082 _a923.1 B689v
100 _aVelasco Arizabaleta Hugo
245 0 _aSecretos amorosos del Libertador
260 _c1983
264 _aCali Colombia : Feriva
942 _2ddc
_cBKS
999 _c24393
_d24393